000 00408nam a2200145Ia 4500
999 _c10826
_d10826
008 191201s2011 xx 000 0 und d
082 _a808.06607
_bKNT
100 _aKNIGHT, Robert M.
245 0 _aThe Craft of Clarity : A Journalistic Approach to Good Writing
250 _a1st
260 _aNew Delhi
_bSurjeet Pub
_c2003
300 _a140
650 _aBachelor of Mass Communication
942 _2ddc
_cBK